| 000 | 00906cab a2200277 4500 | ||
|---|---|---|---|
| 001 | ABS55509 | ||
| 008 | 090401t1996 xxu||||| |||| 00| 0 eng d | ||
| 035 | _a(Sirsi) u17042 | ||
| 041 | _aeng | ||
| 100 | _aButler, J. | ||
| 245 | _aBuilding a future for recycling | ||
| 260 | _c1996 | ||
| 350 | _a0 | ||
| 490 |
_aSurveyor _v183(5397) 25 July 1996, 18-19(2) |
||
| 520 | _aAs part of its integrated strategy for waste minimisation Berkshire County Council has developed a code of guidance for the development industry to help it reduce the volume of construction waste going to landfill. | ||
| 650 | _aBERKSHIRE | ||
| 650 | _aCONSTRUCTION WASTE | ||
| 650 | _aLANDFILL SITES | ||
| 650 | _aLOCAL DEVELOPMENT PLANS | ||
| 650 | _aRECYCLING | ||
| 650 | _aWASTE MANAGEMENT | ||
| 650 | _aWASTE MINIMISATION | ||
| 690 | _aENVIRONMENTAL AND LAND CONSULTANCY | ||
| 942 | _n0 | ||
| 948 | _c04/03/1997 | ||
| 999 |
_c11292 _d11292 |
||